000 00204nmm a2200085Ia 4500
008 220120s9999||||xx |||||||||||||||||und||
100 _aDigit
245 0 _aWorld of tanks full games
260 _aNine dot Nine
999 _c139899
_d139899